BIBLIOTECA “JULIO CORTÁZAR”
ESCUELA AGROTÉCNICA “LIBERTADOR GENERAL SAN MARTÍN” - UNR – CASILDA

Logo Escuela Logo UNR

Geografía de América / (Record no. 254)

MARC details
000 -LEADER
campo de control de longitud fija 00779nam#a22002895a#4500
001 - NÚMERO DE CONTROL
campo de control 254
008 - DATOS DE LONGITUD FIJA--INFORMACIÓN GENERAL
campo de control de longitud fija 060428s2003####ag#abo#d######001#0#spa#d
020 ## - NÚMERO INTERNACIONAL ESTÁNDAR DEL LIBRO
Número Internacional Estándar del Libro 9501309312
080 ## - NÚMERO DE LA CLASIFICACIÓN DECIMAL UNIVERSAL
Número de la Clasificación Decimal Universal 911(7/8)
084 ## - OTRO NÚMERO DE CLASIFICACIÓN
Número de clasificación L26
040 ## - FUENTE DE CATALOGACIÓN
Centro catalogador/agencia de origen AR-ClEAG
Centro/agencia transcriptor AR-ClEAG
005 - FECHA Y HORA DE LA ÚLTIMA TRANSACCIÓN
campo de control 20241107184629.0
003 - IDENTIFICADOR DE NÚMERO DE CONTROL
campo de control AR-ClEAG
100 1# - ENTRADA PRINCIPAL--NOMBRE DE PERSONA
Nombre de persona Lara, Albina.
245 10 - MENCIÓN DEL TÍTULO
Título Geografía de América /
Mención de responsabilidad, etc. Albina Lara, Susana María Sassone, Celia Bertone De Daguerre.
250 ## - MENCION DE EDICION
Mención de edición 1ª ed.
260 ## - PUBLICACIÓN, DISTRIBUCIÓN, ETC.
Lugar de publicación, distribución, etc. Buenos Aires :
Nombre del editor, distribuidor, etc. Kapelusz,
Fecha de publicación, distribución, etc. 2003.
300 ## - DESCRIPCIÓN FÍSICA
Extensión 344 p. :
Otras características físicas fot., il., mapas ;
Dimensiones 27 cm.
490 0# - MENCIÓN DE SERIE
Mención de serie Epacios y Sociedades
653 ## - TÉRMINO DE INDIZACIÓN--NO CONTROLADO
Término no controlado América
653 ## - TÉRMINO DE INDIZACIÓN--NO CONTROLADO
Término no controlado Paisajes
653 ## - TÉRMINO DE INDIZACIÓN--NO CONTROLADO
Término no controlado Bosques
653 ## - TÉRMINO DE INDIZACIÓN--NO CONTROLADO
Término no controlado Geografía
700 1# - ENTRADA AGREGADA--NOMBRE PERSONAL
Nombre de persona Sassone, Susana María.
700 1# - ENTRADA AGREGADA--NOMBRE PERSONAL
Nombre de persona Bertone De Daguerre, Celia.
942 ## - ELEMENTOS DE ENTRADA SECUNDARIOS (KOHA)
Tipo de ítem Koha Libros
980 ## - EQUIVALENCIA O REFERENCIA-CRUZADA-MENCIÓN DE SERIE--NOMBRE DE PERSONA/TÍTULO [LOCAL, CANADÁ]
Enlace 2
Nombre de persona Evangelina Gallicchio
Enlace entre campo y número de secuencia 2
Información miscelánea Evangelina Gallicchio
Holdings
Estatus retirado Estado de pérdida Fuente del sistema de clasificación o colocación Estado de daño No para préstamo Biblioteca de origen Biblioteca actual Ubicación en estantería Fecha de adquisición Número de inventario Total de préstamos Signatura topográfica completa Código de barras Visto por última vez Precio de reemplazo Tipo de ítem Koha
    Clasificación decimal universal     Julio Cortázar Julio Cortázar   07/11/2024 1844   R07 911(7/8) L26 1 1 Ej.1 1844 07/11/2024 07/11/2024 Libros

Contacto

Biblioteca Julio Cortázar. Escuela Agrotécnica "Libertador San Martín". Universidad Nacional de Rosario
Dirección: Ov. Lagos 1000 - 2170 Casilda - Santa Fe - Argentina
Tel: (54) (03464) 422226.
Fax: (54) (03464) 427789.
E-Mail: biblio-eac@unr.edu.ar